El proceso judicial aplicado a niños sometidos al patronato del estado: su adecuación a la CIDN /
Esta presentación tiene como objetivo, poner de relieve las principales conclusiones obtenidas a partir de una investigación llevada a cabo en los Juzgados de Menores, Secretarías Prevencionales de los Tribunales de la Ciudad de Córdoba. Este trabajo, y a partir de considerar el proceso judicial apl...
Guardado en:
| Hovedforfatter: | |
|---|---|
| Format: | Texto |
| Sprog: | Spanish |
| Fag: | |
| Tags: |
Tilføj Tag
Ingen Tags, Vær først til at tagge denne postø!
|
MARC
| LEADER | 00000 a a2200000 04500 | ||
|---|---|---|---|
| 003 | cru IIS | ||
| 005 | 20220405115640.0 | ||
| 008 | 220405b |||||||| |||| 00| 0 spa d | ||
| 040 | |c cru IIS | ||
| 100 | 1 | |a Reartes, Julia |9 9856 |e Autora | |
| 245 | 1 | 3 | |a El proceso judicial aplicado a niños sometidos al patronato del estado: |b su adecuación a la CIDN / |c Julia Reartes |
| 300 | |a páginas 487-509 | ||
| 520 | |a Esta presentación tiene como objetivo, poner de relieve las principales conclusiones obtenidas a partir de una investigación llevada a cabo en los Juzgados de Menores, Secretarías Prevencionales de los Tribunales de la Ciudad de Córdoba. Este trabajo, y a partir de considerar el proceso judicial aplicado a niños sometidos al patronato de los Estados, se persigue como objetivo describir las características de dicho proceso y a partir de allí, el derecho que los jueces toman en cuenta para fundar sus resoluciones. El análisis se efectuó sobre la base de información recogida de autos interlocutorios y sentencias de dos Juzgados de Menores, Secretarias Prevencionales de la Ciudad de Córdoba, que se hubiera archivado entre 1996 y 1997, seleccionándose un juzgado de antigua y otro de reciente creación.DOC/WMV | ||
| 650 | |a ESTADO | ||
| 650 | |a INTERVENCION DEL ESTADO | ||
| 650 | |a SISTEMA JUDICIAL | ||
| 650 | |a NIÑOS | ||
| 650 | |a DERECHOS DEL NIÑO | ||
| 650 | |a SISTEMA JUDICIAL | ||
| 650 | |a NIÑOS | ||
| 650 | |a DERECHOS DEL NIÑO | ||
| 942 | |2 ddc |c LI | ||
| 999 | |c 6105 |d 6105 | ||
| 773 | 0 | |0 43626 |9 5231 |a Jornadas Internacionales de Investigación Social sobre Infancia y Adolescencia, la Convención de los derechos del Niño y las Prácticas Sociales. |d Córdoba, Argentina : UNICEF; Fundación Antorchas; Fundación INCIDE; Municipalidad de Córdoba ; Colegio de Profesionales de Trabajo Social de Córdoba ; Colegio de Escribanos de la Provincia de Cordoba, 2000 |o 21150 |t Ponencias / | |
